Aby banky mohli poskytovať úvery a pôžičky, musia získať primárne zdroje od fyzických ale aj právnických osôb formou primárnych vkladov
Postavenie bankových inštitúcií pri alokácii peňažných zdrojov. Bankové produkty pre vkladateľov. Vkladné knižky. Depozitné certifikáty, vkladové certifikáty, vkladové listy - alternatíva tradičných bankových služieb.
Guardado en:
| Autor principal: | |
|---|---|
| Formato: | Capítulo de libro |
| Lenguaje: | eslovaco |
| Materias: | |
| Etiquetas: |
Sin Etiquetas, Sea el primero en etiquetar este registro!
|
MARC
| LEADER | 00000naa a2200000 4500 | ||
|---|---|---|---|
| 001 | r034892 | ||
| 005 | 20230809074648.1 | ||
| 041 | 0 | |a slo | |
| 044 | |a SK | ||
| 245 | 1 | 0 | |a Aby banky mohli poskytovať úvery a pôžičky, musia získať primárne zdroje od fyzických ale aj právnických osôb formou primárnych vkladov |c Ján Kšinský |
| 520 | |a Postavenie bankových inštitúcií pri alokácii peňažných zdrojov. Bankové produkty pre vkladateľov. Vkladné knižky. Depozitné certifikáty, vkladové certifikáty, vkladové listy - alternatíva tradičných bankových služieb. | ||
| 610 | 2 | 0 | |a banky |
| 610 | 2 | 0 | |a zdroje finančné |
| 610 | 2 | 0 | |a produkty |
| 610 | 2 | 0 | |a vklady |
| 610 | 2 | 0 | |a výnosy |
| 610 | 2 | 0 | |a úver |
| 610 | 2 | 0 | |a certifikáty depozitné |
| 610 | 2 | 0 | |a knižky vkladné |
| 610 | 2 | 0 | |a listy vkladové |
| 610 | 2 | 0 | |a papiere cenné |
| 610 | 2 | 0 | |a Slovensko |
| 100 | 1 | |a Kšinský, Ján | |